Logo BPK

Biblioteka

Politechniki Koszalińskiej

IX Krajowa Konferencja "Biocybernetyka i Inżynieria Biomedyczna". : (Rekord nr 29713)

Szczegóły MARC
000 -ETYKIETA REKORDU
podpole kontrolne o stałej długości 00410nam a2200133 i 4500
001 - NUMER KONTROLNY REKORDU
pole kontrolne bg
040 ## - ŹRÓDŁO KATALOGOWANIA
Instytucja, która utworzyła rekord BPK
041 ## - KOD JĘZYKA
Kod języka tekstu pol
008 - POLE O STAŁEJ DŁUGOŚCI - DANE KONTROLNE
podpole kontrolne o stałej długości s pl f |000 0 pol
245 #0 - TYTUŁ/ODPOWIEDZIALNOŚĆ
Tytuł IX Krajowa Konferencja "Biocybernetyka i Inżynieria Biomedyczna". :
Ciąg dalszy tytułu materiały konferencyjne.
Oznaczenie części/sekcji dzieła T. 3,
Tytuł części/sekcji dzieła Referaty plenarne.
246 ## - WARIANT TYTUŁU
Tytuł Biocybernetyka i inżynieria biomedyczna
260 ## - STREFA ADRESU WYDAWNICZEGO
Miejsce wydania Gdańsk,
Data publikacji, dystrybucji/powstania dokumentu 1992.
856 ## - LOKALIZACJA I DOSTĘP DO ELEKTRONICZNYCH DOKUMENTÓW ZDALNYCH
Link (URL) http://koha.tu.koszalin.pl/cgi-bin/koha/opac-detail.pl?biblionumber=29713
Tekst linku Katalog online BPK
942 ## - DODATKOWE ELEMENTY (KOHA)
Typ dokumentu Książka
Egzemplarze
Wycofany Status egzemplarza Uszkodzony Dostępność Lokalizacja stała Lokalizacja bieżąca Miejsce przechowywania Sygnatura Kod kreskowy Typ dokumentu
      Dostępny Biblioteka Politechniki Koszalińskiej Biblioteka Politechniki Koszalińskiej Wypożyczalnia BG 36018 01606331 Książka
© 2023 Biblioteka Politechniki Koszalińskiej :: KOHA